000 01112nam a22002657a 4500
999 _c22466
_d22466
003 AR-CdUCM
008 190319b ||||| |||| 00| 0 spa d
020 _a9786123175252
040 _aMUNICIPALIDAD PROVINCIAL DEL CUSCO
_cBIBLIOTECA MUNICIPAL DEL CUSCO
082 _a658.4063/S34
_bS34
_2primera
100 _aSeclén Luna, Jean Pierre
_948266
245 _aGestión de la innovación empresarial :
_bconceptos, modelos y sistemas /
_cJean Pierre Seclén Luna, Jon Barrutia Güenaga
260 _aLima :
_bPontificia Universidad Católica del Perú, Fondo Editorial,
_bTarea Asociación Gráfica Educativa,
_c2020.
300 _a222 páginas. :
_bdiagramas., mapas ;
_c21 cm.
500 _zBibliografía: páginas 197-222.
650 _aCambio organizacional
_945669
650 _aInnovaciones tecnológicas
_948250
650 _aPlanificación empresarial
_924882
650 _aAptitud creadora en los negocios
_945666
650 _aAdministración
_948267
700 _aBarrutia Güenaga, Jon
_948268
710 _aPontificia Universidad Católica del Perú
_9400
942 _2ddc
_cLIBROS
945 _arac